000 00208 a2200097 4500
020 _a9870740765438
041 _aspa
100 _aBradley Trevor Greive
245 _aQuerida Mama gracias por todo
942 _cK
999 _c26442
_d26442